The Monster Diaries (Record no. 1447)

MARC details
000 -LEADER
fixed length control field 00948nam a22002417a 4500
005 - DATE AND TIME OF LATEST TRANSACTION
control field 20230926140916.0
020 ## - INTERNATIONAL STANDARD BOOK NUMBER
International Standard Book Number 9781445489872
040 ## - CATALOGING SOURCE
Original cataloging agency FISKH
Language of cataloging eng
082 ## - DEWEY DECIMAL CLASSIFICATION NUMBER
Classification number 823.92
100 ## - MAIN ENTRY--PERSONAL NAME
Personal name Saracino, Luciano
245 ## - TITLE STATEMENT
Title The Monster Diaries
Statement of responsibility, etc. Written by Luciano Saracino ; Illustrated by Poly Bernatene
260 ## - PUBLICATION, DISTRIBUTION, ETC.
Place of publication, distribution, etc. London :
Name of publisher, distributor, etc. Parragon,
Date of publication, distribution, etc. 2012
300 ## - PHYSICAL DESCRIPTION
Extent 30 unnumbered pages
Dimensions 25 cm.
505 ## - FORMATTED CONTENTS NOTE
Formatted contents note M
520 ## - SUMMARY, ETC.
Summary, etc. "Special memo from the Federation of Fright: Human children have run out of nightmares. There is a competition to find the Grisliest Ghoul. Top monsters willl study diary entries to determine the most fearsome fiend." Read the diary entries from witches, aliens, yetis, and more and find out who will win the grisliest ghoul competition!
521 ## - TARGET AUDIENCE NOTE
Target audience note 790<br/>
Source Lexile estimate
521 ## - TARGET AUDIENCE NOTE
Target audience note M <br/>
Source Raz-Plus estimate
650 ## - SUBJECT ADDED ENTRY--TOPICAL TERM
Topical term or geographic name entry element Monsters
650 ## - SUBJECT ADDED ENTRY--TOPICAL TERM
Topical term or geographic name entry element Halloween
650 ## - SUBJECT ADDED ENTRY--TOPICAL TERM
Topical term or geographic name entry element Horror
942 ## - ADDED ENTRY ELEMENTS (KOHA)
Source of classification or shelving scheme Dewey Decimal Classification
Koha item type Books
Suppress in OPAC No
999 ## -
-- 1447
-- 1447
Holdings
Withdrawn status Lost status Source of classification or shelving scheme Damaged status Not for loan Collection Home library Current library Shelving location Date acquired Total Checkouts Full call number Barcode Date last seen Date last checked out Copy number Price effective from Koha item type
    Dewey Decimal Classification     Fiction Footprints International School Library Network Toul Kork Campus Footprints International School Library Network Toul Kork Campus A TK Campus, 4th Floor, Room B401, Fiction Bookcases (1-6) 08/25/2023 3 SAR 823.92 PZ7 2023-0364 11/23/2023 11/16/2023 1 08/25/2023 Books
    Dewey Decimal Classification     Fiction Footprints International School Library Network Toul Kork Campus Footprints International School Library Network Toul Kork Campus A TK Campus, 4th Floor, Room B401, Fiction Bookcases (1-6) 08/25/2023   SAR 823.92 PZ7 2024-0561 05/06/2024   2 08/25/2023 Books
    Dewey Decimal Classification     Fiction Footprints International School Library Network Toul Kork Campus Footprints International School Library Network Toul Kork Campus A TK Campus, 4th Floor, Room B401, Fiction Bookcases (1-6) 08/25/2023   SAR 823.92 PZ7 2024-0562 05/06/2024   3 08/25/2023 Books
    Dewey Decimal Classification     Fiction Footprints International School Library Network Toul Kork Campus Footprints International School Library Network Toul Kork Campus A TK Campus, 4th Floor, Room B401, Fiction Bookcases (1-6) 08/25/2023   SAR 823.92 PZ7 2024-0563 05/06/2024   4 08/25/2023 Books